Pursuing happiness zhrough differences in cultures

Význam interkultúrnej komunikácie v globalizovanom svete.

Saved in:
Bibliographic Details
Main Author: Bláhová, Mária
Format: Book Chapter
Language:English
Subjects:
Tags: Add Tag
No Tags, Be the first to tag this record!

MARC

LEADER 00000naa a2200000 4500
001 0183313
005 20240502073132.9
041 0 |a eng 
044 |a SK 
245 1 0 |a Pursuing happiness zhrough differences in cultures  |c Mária Bláhová 
520 |a Význam interkultúrnej komunikácie v globalizovanom svete. 
610 2 0 |a komunikácia interkultúrna 
610 2 0 |a rast hospodársky 
610 2 0 |a globalizácia 
610 2 0 |a kultúra 
610 2 0 |a blahobyt 
100 1 |a Bláhová, Mária